000 00203 a2200109 4500
020 _a9780152380113
041 _aeng
100 _aSue Williams
245 _a]I Went Walking
942 _cBK
952 _71
999 _c23010
_d23010